वायरमन (Record no. 323865)

MARC details
000 -LEADER
fixed length control field 00516nam a2200169Ia 4500
008 - FIXED-LENGTH DATA ELEMENTS--GENERAL INFORMATION
fixed length control field 090711s9999 xx 000 0 und d
082 ## - DEWEY DECIMAL CLASSIFICATION NUMBER
Item number 418
100 ## - MAIN ENTRY--PERSONAL NAME
Personal name कुलकर्णी मा. गो.
245 ## - TITLE STATEMENT
Title वायरमन
260 ## - PUBLICATION, DISTRIBUTION, ETC. (IMPRINT)
Name of publisher, distributor, etc सन पब्लिकेशन पुणे
Date of publication, distribution, etc 1996
300 ## - PHYSICAL DESCRIPTION
Extent 76
600 ## - SUBJECT ADDED ENTRY--PERSONAL NAME
Personal name कुलकर्णी मा. गो.
630 ## - SUBJECT ADDED ENTRY--UNIFORM TITLE
Uniform title वायरमन
700 ## - ADDED ENTRY--PERSONAL NAME
Personal name कुलकर्णी मा. गो.
730 ## - ADDED ENTRY--UNIFORM TITLE
Uniform title वायरमन
942 ## - ADDED ENTRY ELEMENTS (KOHA)
Koha item type Book

No items available.